000 01459nab a2200241 a 4500
005 20241016063843.0
008 991125c2016 mx fr p o 000 0 spa d
035 _aUPN01000224167
040 _aUPN
_bspa
_cUPN
_eaacr2
049 _aART-E
100 1 _aAguilar López, Daniel Rodrigo
_6- daniel.aguilar@ired.unam.mx
245 1 0 _aSubjetividad masculina: virilidad, temperancia y libertad
_h[recurso electrónico en línea]
506 0 _aAcceso abierto
520 3 _aA partir del estudio de la estética de la existencia de los griegos antiguos podemos dar cuenta del tema del sujeto y de la subjetividad como bien lo mencionó Michel Foucault (2002), pero además de tales precisiones puede preguntarse cómo es que un hombre llegaba a convertirse en sujeto. ¿Cómo se formaba un hombre viril, libre y soberano de sí mismo? Es decir, que tal aproximación nos brinda la oportunidad de hacer un recorrido conceptual para estudiar rasgos de la subjetividad masculina y con ello hacer hincapié en la variable de género como determinante de las lógicas sociales, políticas, colectivas y del espectro subjetivo.
650 4 _aGénero
_95712
650 2 _95009
_aSubjetividad
650 4 _914713
_aMasculinidad
653 0 _aVirilidad
773 _gNo. 36 (2016), p. 80-89
_tAlternativas en psicología
_x2007-5251
856 4 _uhttp://www.alternativas.me/attachments/article/136/Subjetividad%20masculina.pdf
905 _aArticulo
942 _cART-E
999 _c196264
_d196264